<?xml version="1.0" encoding="UTF-8"?>
<record
    xmlns:xsi="http://www.w3.org/2001/XMLSchema-instance"
    xsi:schemaLocation="http://www.loc.gov/MARC21/slim http://www.loc.gov/standards/marcxml/schema/MARC21slim.xsd"
    xmlns="http://www.loc.gov/MARC21/slim">

  <leader>01950nas a2200277Ia 4500</leader>
  <controlfield tag="001">R050-S1602</controlfield>
  <controlfield tag="003">IT-CnALBA</controlfield>
  <controlfield tag="008">170116c99999999xx ||||||||||||   ||und||</controlfield>
  <datafield tag="040" ind1=" " ind2=" ">
    <subfield code="a">IT-CnALBA</subfield>
    <subfield code="c">IT-CnALBA</subfield>
  </datafield>
  <datafield tag="041" ind1=" " ind2=" ">
    <subfield code="a">ITALIANO</subfield>
  </datafield>
  <datafield tag="100" ind1=" " ind2=" ">
    <subfield code="a">MONDRONE P. DOMENICO, SJ.</subfield>
  </datafield>
  <datafield tag="210" ind1=" " ind2=" ">
    <subfield code="a">LA CIVILT&#xC0; CATTOLICA</subfield>
  </datafield>
  <datafield tag="222" ind1=" " ind2=" ">
    <subfield code="a">LA CIVILT&#xC0; CATTOLICA</subfield>
  </datafield>
  <datafield tag="245" ind1=" " ind2="0">
    <subfield code="a">LA CIVILT&#xC0; CATTOLICA. ANNO XCIII. VOL. I. 1942. </subfield>
    <subfield code="b">RIVISTA CULTURALE</subfield>
  </datafield>
  <datafield tag="250" ind1=" " ind2=" ">
    <subfield code="a">1a ed.</subfield>
  </datafield>
  <datafield tag="260" ind1=" " ind2=" ">
    <subfield code="a"> ROMA</subfield>
    <subfield code="b">LA CIVILT&#xC0; CATTOLICA EDIZIONI </subfield>
    <subfield code="c">1942 [1&#xB0; Ed.:1942 - Ed.Ling.Originale: 1942]</subfield>
  </datafield>
  <datafield tag="300" ind1=" " ind2=" ">
    <subfield code="a">456 p. </subfield>
  </datafield>
  <datafield tag="310" ind1=" " ind2=" ">
    <subfield code="a">QUINDICINALE</subfield>
  </datafield>
  <datafield tag="362" ind1=" " ind2=" ">
    <subfield code="a">Fascicolo: 1 / Anno: 93 (1942)</subfield>
  </datafield>
  <datafield tag="500" ind1=" " ind2=" ">
    <subfield code="a">GRANDE DILEMMA. LA STELLA DEI MAGI. RIVISTA STAMPA. LA PATRIA DI S. GIROLAMO E L'ITALIA. RETTIFICHE, VACCARI A. IL S. PADRE E L'EUROPA PIA S. DOROTEA. ALLA GUARDIA MOBILE. DECRETI DELLE CAUSE DEL BEATO GRIGNION DI MONFORT E VENERABILE GIOVANNA DELANOVE. CAPPELLA PAPALE IN SUFFRAGIO DI PIO XI. GIUBILEO PAPALE S. PADRE. NUOVO AMBASCIATORE D'ITALIA. MESSAGGIO NATALIZIO PIO XII. MEDITAZIONE SULLA GUERRA E LEZIONI. CRISI NELLA MORALE. GAETANI F. M. PIET&#xC0; NELL'EDUCAZIONE FANCIULLO, ODDONE A. GLI ATTORI DEL PROCESSO DI GES&#xD9;, VITTI A. M. </subfield>
  </datafield>
  <datafield tag="501" ind1=" " ind2=" ">
    <subfield code="a">Societ&#xE0; San Paolo EM - Piazza San Paolo, 14 - 12051 ALBA (CN)  (non commercial uses only) &#xAE; Copyright 2017</subfield>
  </datafield>
  <datafield tag="520" ind1=" " ind2=" ">
    <subfield code="a">GRANDE DILEMMA. LA STELLA DEI MAGI. RIVISTA STAMPA. LA PATRIA DI S. GIROLAMO E L'ITALIA. RETTIFICHE, VACCARI A. IL S. PADRE E L'EUROPA PIA S. DOROTEA. ALLA GUARDIA MOBILE. DECRETI DELLE CAUSE DEL BEATO GRIGNION DI MONFORT E VENERABILE GIOVANNA DELANOVE. CAPPELLA PAPALE IN SUFFRAGIO DI PIO XI. GIUBILEO PAPALE S. PADRE. NUOVO AMBASCIATORE D'ITALIA. MESSAGGIO NATALIZIO PIO XII. MEDITAZIONE SULLA GUERRA E LEZIONI. CRISI NELLA MORALE. GAETANI F. M. PIET&#xC0; NELL'EDUCAZIONE FANCIULLO, ODDONE A. GLI ATTORI DEL PROCESSO DI GES&#xD9;, VITTI A. M. </subfield>
  </datafield>
  <datafield tag="650" ind1=" " ind2=" ">
    <subfield code="a">RIVISTA CULTURALE</subfield>
  </datafield>
  <datafield tag="942" ind1=" " ind2=" ">
    <subfield code="c">CR</subfield>
  </datafield>
  <datafield tag="957" ind1=" " ind2=" ">
    <subfield code="7">1</subfield>
  </datafield>
  <datafield tag="999" ind1=" " ind2=" ">
    <subfield code="a">63501</subfield>
    <subfield code="b">SI </subfield>
    <subfield code="g">1</subfield>
    <subfield code="c">330201</subfield>
    <subfield code="d">330201</subfield>
  </datafield>
  <datafield tag="952" ind1=" " ind2=" ">
    <subfield code="0">0</subfield>
    <subfield code="1">0</subfield>
    <subfield code="4">0</subfield>
    <subfield code="6">R_050S1602</subfield>
    <subfield code="7">1</subfield>
    <subfield code="a">ALBA</subfield>
    <subfield code="b">ALBA</subfield>
    <subfield code="d">2017-01-16</subfield>
    <subfield code="l">0</subfield>
    <subfield code="o">R050-S1602</subfield>
    <subfield code="r">2017-01-16 00:00:00</subfield>
    <subfield code="w">2017-01-16</subfield>
    <subfield code="y">CR</subfield>
    <subfield code="z">(data import: 16 gennaio 2017) - By Epidotti, Vaglietti. </subfield>
  </datafield>
</record>
